000 00781nam a2200253Ia 4500
003 OSt
005 20221005103804.0
006 a|||||r|||| 00| 0
007 ta
008 221004b |||||||| |||| 00| 0 hin d
020 _a9788188933334 (hbk)
_c100
024 _a104473
037 _b12954, 18/03/2011, Kitab Ghar
_cTextual
040 _aCRL
_cCRL
_bhin
041 _2hin
_ahin
082 _aO152,3M80,MA, Q0
100 _aप्रेमचंद
245 0 _aमनोरमा
246 _aManoramā
260 _aदिल्ली
_bआशा बुक्स भारत
_c2010
300 _a160पृ0
_ccm.
942 _hO152,3M80,MA, Q0
_cTEXL
_2cc
999 _c1010920
_d1010920